000 00700nam a2200289Ia 4500
005 20260324144146.0
008 008 260324s9999 xx 000 0 eng d
020 _a9781315060576
037 _aEBOOK
040 _aCRL
040 _beng
040 _cCRL
041 _2eng
041 _aeng
084 _qCRL
100 _aJohn V. Krutilla; Michael D. Bowes
_91218305
245 0 _aMultiple-Use Management
245 4 _bThe Economics of Public Forestlands
260 _bTaylor and Francis
260 _c1989
365 _a
365 _b62.99
856 _uhttp://www.taylorfrancis.com/books/9781315060576
942 _cEBOOK
999 _c1824550
_d1824550